000 00564nam a2200181 a 4500
005 20140412111311.0
008 030415s19uu xx 00 eng d
020 _a0-582-40147-X
050 _aM 813.3
_bSm54 1997
100 _aKing-Smith, Dick
245 _aBabe: the sheep-pig /
_cDick King-Smith ; retold by Chris Grant-Bear.
260 _aEngland :
_bPearson Education Limited,
_c1997.
300 _a37 p. ; ill.
440 _aPenguin Readers
500 _aThe brilliant film based on the best-selling novel.
650 _aPigs--Fiction
999 _c103992
_d103992